<?xml version="1.0" encoding="UTF-8"?>
<record
    xmlns:xsi="http://www.w3.org/2001/XMLSchema-instance"
    xsi:schemaLocation="http://www.loc.gov/MARC21/slim http://www.loc.gov/standards/marcxml/schema/MARC21slim.xsd"
    xmlns="http://www.loc.gov/MARC21/slim">

  <leader>01873nam a22002537a 4500</leader>
  <controlfield tag="003">NALT</controlfield>
  <controlfield tag="005">20251105094846.0</controlfield>
  <controlfield tag="008">211223b        th ||||| |||| 00| 0 tha d</controlfield>
  <datafield tag="020" ind1=" " ind2=" ">
    <subfield code="a">9786165881210</subfield>
  </datafield>
  <datafield tag="040" ind1=" " ind2=" ">
    <subfield code="a">NALT</subfield>
  </datafield>
  <datafield tag="050" ind1=" " ind2=" ">
    <subfield code="a">DS 578.32</subfield>
    <subfield code="b">&#xE04;144&#xE1A; 2564</subfield>
  </datafield>
  <datafield tag="100" ind1="0" ind2=" ">
    <subfield code="9">44455</subfield>
    <subfield code="a">&#xE04;&#xE21;&#xE01;&#xE23;&#xE34;&#xE0A; &#xE27;&#xE23;&#xE04;&#xE32;&#xE21;&#xE34;&#xE19;</subfield>
  </datafield>
  <datafield tag="245" ind1="1" ind2="0">
    <subfield code="a">&#xE1A;&#xE31;&#xE19;&#xE17;&#xE36;&#xE01;&#xE19;&#xE31;&#xE01;&#xE01;&#xE32;&#xE23;&#xE17;&#xE39;&#xE15; /</subfield>
    <subfield code="c">&#xE04;&#xE21;&#xE01;&#xE23;&#xE34;&#xE0A; &#xE27;&#xE23;&#xE04;&#xE32;&#xE21;&#xE34;&#xE19;.</subfield>
  </datafield>
  <datafield tag="250" ind1=" " ind2=" ">
    <subfield code="a">&#xE1E;&#xE34;&#xE21;&#xE1E;&#xE4C;&#xE04;&#xE23;&#xE31;&#xE49;&#xE07;&#xE41;&#xE23;&#xE01;</subfield>
  </datafield>
  <datafield tag="260" ind1=" " ind2=" ">
    <subfield code="a">&#xE01;&#xE23;&#xE38;&#xE07;&#xE40;&#xE17;&#xE1E;&#xE2F; :</subfield>
    <subfield code="b">&#xE01;&#xE34;&#xE08;&#xE44;&#xE1E;&#xE28;&#xE32;&#xE25;&#xE01;&#xE32;&#xE23;&#xE1E;&#xE34;&#xE21;&#xE1E;&#xE4C;&#xE41;&#xE25;&#xE30;&#xE0B;&#xE31;&#xE1E;&#xE1E;&#xE25;&#xE32;&#xE22;&#xE2A;&#xE4C;,</subfield>
    <subfield code="c">2564.</subfield>
  </datafield>
  <datafield tag="300" ind1=" " ind2=" ">
    <subfield code="a">279 &#xE2B;&#xE19;&#xE49;&#xE32; :</subfield>
    <subfield code="b">&#xE20;&#xE32;&#xE1E;&#xE1B;&#xE23;&#xE30;&#xE01;&#xE2D;&#xE1A; ;</subfield>
    <subfield code="c">21 &#xE0B;&#xE21;.</subfield>
  </datafield>
  <datafield tag="505" ind1="2" ind2=" ">
    <subfield code="a">1. &#xE40;&#xE2A;&#xE49;&#xE19;&#xE17;&#xE32;&#xE07;&#xE19;&#xE31;&#xE01;&#xE01;&#xE32;&#xE23;&#xE17;&#xE39;&#xE15; -- 
2. &#xE23;&#xE31;&#xE10;&#xE28;&#xE32;&#xE2A;&#xE15;&#xE23;&#xE4C;&#xE17;&#xE35;&#xE48;&#xE21;&#xE2B;&#xE32;&#xE27;&#xE34;&#xE17;&#xE22;&#xE32;&#xE25;&#xE31;&#xE22;&#xE18;&#xE23;&#xE23;&#xE21;&#xE28;&#xE32;&#xE2A;&#xE15;&#xE23;&#xE4C; -- 
3. &#xE23;&#xE31;&#xE10;&#xE28;&#xE32;&#xE2A;&#xE15;&#xE23;&#xE4C;&#xE17;&#xE35;&#xE48;&#xE21;&#xE2B;&#xE32;&#xE27;&#xE34;&#xE17;&#xE22;&#xE32;&#xE25;&#xE31;&#xE22;&#xE2E;&#xE32;&#xE27;&#xE32;&#xE22; -- 
4. &#xE40;&#xE08;&#xE49;&#xE32;&#xE2B;&#xE19;&#xE49;&#xE32;&#xE17;&#xE35;&#xE48;&#xE42;&#xE15;&#xE4A;&#xE30;&#xE40;&#xE27;&#xE35;&#xE22;&#xE14;&#xE19;&#xE32;&#xE21; -- 
5. &#xE19;&#xE31;&#xE01;&#xE01;&#xE32;&#xE23;&#xE17;&#xE39;&#xE15;&#xE40;&#xE17;&#xE2D;&#xE21;&#xE41;&#xE23;&#xE01;&#xE17;&#xE35;&#xE48;&#xE01;&#xE23;&#xE38;&#xE07;&#xE2E;&#xE32;&#xE19;&#xE2D;&#xE22; -- 
6. &#xE1B;&#xE23;&#xE30;&#xE2A;&#xE1A;&#xE01;&#xE32;&#xE23;&#xE13;&#xE4C;&#xE19;&#xE31;&#xE01;&#xE01;&#xE32;&#xE23;&#xE17;&#xE39;&#xE15;&#xE23;&#xE30;&#xE2B;&#xE27;&#xE48;&#xE32;&#xE07;&#xE1B;&#xE35; 2533-2552 -- 
7. &#xE19;&#xE31;&#xE01;&#xE01;&#xE32;&#xE23;&#xE17;&#xE39;&#xE15;&#xE40;&#xE17;&#xE2D;&#xE21;&#xE17;&#xE35;&#xE48;&#xE2A;&#xE2D;&#xE07;&#xE17;&#xE35;&#xE48;&#xE01;&#xE23;&#xE38;&#xE07;&#xE2E;&#xE32;&#xE19;&#xE2D;&#xE22; -- 
8. &#xE01;&#xE07;&#xE2A;&#xE38;&#xE25;&#xE43;&#xE2B;&#xE0D;&#xE48; &#xE13; &#xE19;&#xE04;&#xE23;&#xE41;&#xE27;&#xE19;&#xE04;&#xE39;&#xE40;&#xE27;&#xE2D;&#xE23;&#xE4C; -- 
9. &#xE40;&#xE2D;&#xE01;&#xE2D;&#xE31;&#xE04;&#xE23;&#xE23;&#xE32;&#xE0A;&#xE17;&#xE39;&#xE15; &#xE13; &#xE01;&#xE23;&#xE38;&#xE07;&#xE1A;&#xE39;&#xE04;&#xE32;&#xE40;&#xE23;&#xE2A;&#xE15;&#xE4C; -- 
10. &#xE04;&#xE27;&#xE32;&#xE21;&#xE25;&#xE07;&#xE17;&#xE49;&#xE32;&#xE22;.</subfield>
  </datafield>
  <datafield tag="600" ind1="0" ind2="4">
    <subfield code="9">55271</subfield>
    <subfield code="a">&#xE04;&#xE21;&#xE01;&#xE23;&#xE34;&#xE0A; &#xE27;&#xE23;&#xE04;&#xE32;&#xE21;&#xE34;&#xE19;</subfield>
    <subfield code="x">&#xE0A;&#xE35;&#xE27;&#xE1B;&#xE23;&#xE30;&#xE27;&#xE31;&#xE15;&#xE34;</subfield>
  </datafield>
  <datafield tag="850" ind1=" " ind2=" ">
    <subfield code="a">NALT</subfield>
  </datafield>
  <datafield tag="942" ind1=" " ind2=" ">
    <subfield code="c">GB</subfield>
    <subfield code="2">lcc</subfield>
  </datafield>
  <datafield tag="996" ind1=" " ind2=" ">
    <subfield code="a">varee.k</subfield>
    <subfield code="b">LIBSTF</subfield>
    <subfield code="c">2025-11-04</subfield>
  </datafield>
  <datafield tag="999" ind1=" " ind2=" ">
    <subfield code="c">98768</subfield>
    <subfield code="d">98768</subfield>
  </datafield>
  <datafield tag="998" ind1=" " ind2=" ">
    <subfield code="j">111</subfield>
    <subfield code="k"> &#xE19;&#xE32;&#xE07;&#xE2A;&#xE32;&#xE27;&#xE1E;&#xE08;&#xE1E;&#xE34;&#xE13;  &#xE1E;&#xE23;&#xE21;&#xE40;&#xE2D;&#xE35;&#xE48;&#xE22;&#xE21;</subfield>
  </datafield>
  <datafield tag="952" ind1=" " ind2=" ">
    <subfield code="0">0</subfield>
    <subfield code="1">0</subfield>
    <subfield code="2">lcc</subfield>
    <subfield code="4">0</subfield>
    <subfield code="7">0</subfield>
    <subfield code="8">CGBL</subfield>
    <subfield code="a">NALT</subfield>
    <subfield code="b">NALT</subfield>
    <subfield code="c">GEN</subfield>
    <subfield code="d">2021-12-23</subfield>
    <subfield code="l">1</subfield>
    <subfield code="o">DS 578.32 &#xE04;144&#xE1A; 2564</subfield>
    <subfield code="p">3961212556</subfield>
    <subfield code="r">2025-11-12 00:00:00</subfield>
    <subfield code="s">2025-11-05</subfield>
    <subfield code="t">&#xE09;.1</subfield>
    <subfield code="w">2021-12-23</subfield>
    <subfield code="y">GB</subfield>
  </datafield>
  <datafield tag="952" ind1=" " ind2=" ">
    <subfield code="0">0</subfield>
    <subfield code="1">0</subfield>
    <subfield code="2">lcc</subfield>
    <subfield code="4">0</subfield>
    <subfield code="7">0</subfield>
    <subfield code="8">CGBL</subfield>
    <subfield code="a">NALT</subfield>
    <subfield code="b">NALT</subfield>
    <subfield code="c">GEN</subfield>
    <subfield code="d">2025-11-03</subfield>
    <subfield code="e">&#xE2B;&#xE19;&#xE48;&#xE27;&#xE22;&#xE07;&#xE32;&#xE19;&#xE20;&#xE32;&#xE04;&#xE23;&#xE31;&#xE10;</subfield>
    <subfield code="l">0</subfield>
    <subfield code="o">DS 578.32 &#xE04;144&#xE1A; 2564</subfield>
    <subfield code="p">3961215864</subfield>
    <subfield code="r">2025-11-03 00:00:00</subfield>
    <subfield code="t">&#xE09;.2</subfield>
    <subfield code="w">2025-11-03</subfield>
    <subfield code="y">GB</subfield>
  </datafield>
</record>
